000 00919nam a2200277 i 4500
003 DO-SdBNP
005 20240521101828.0
007 ta
008 190808s20uu dr 000 spa d
040 _aDO-SdBNP
_bspa
_cDO-SdBNP
_erda
082 _a344.729301
_bH557d
_222
100 _aHernández Quezada, Porfirio
_97805
245 3 _aEl derecho de huelga :
_bestudio comparativo /
_cPorfirio Hernández Quezada
264 _aSanto Domingo :
_b[s.f.],
_cInstituto de Estudios Superiores
300 _a140 p. ;
_c26 cm.
336 _2rdacontent
_atexto
_btxt
337 _2rdamedia
_asin mediación
_bn
338 _2rdacarrier
_avolumen
_bnc
500 _aIncluye referencias bibliográficas y notas al pie de las páginas
590 _aInventariado, 2020/VM
650 0 _aDerecho laboral
_x
_976950
650 7 _aLegislación
_zRepública Dominicana
_93032
910 _aV/M
942 _2ddc
_cLBS1
956 _aVMateo
999 _c48767
_d48767